000 00293nam a2200121Ia 4500
008 240112s1991 xx 000 0 und d
041 _aeng
082 _a616.3403
100 _aBAGDADE J.
245 _aTHE YEAR BOOK OF ENDOCRINOLOGY
260 _bTHE Y/B MED. PUB
_c1991
300 _a363,HB
999 _c1142335
_d1142335